|
|
|
|
| LEADER |
01090cam a2200253 a 4500 |
| 020 |
|
|
|z 0761943129
|
| 035 |
|
|
|a (CaPaEBR)ebr10080854
|
| 035 |
|
|
|a (NNC)5395320
|
| 082 |
0 |
4 |
|a 070.4/4935502
|2 22
|
| 245 |
0 |
0 |
|a War and the media
|b reporting conflict 24/7 /
|c edited by Daya Kishan Thussu and Des Freedman.
|
| 260 |
|
|
|a London ;
|a Thousand Oaks, Calif. :
|b Sage,
|c 2003.
|
| 300 |
|
|
|a xii, 266 p. :
|b ill. ;
|c 24 cm.
|
| 650 |
|
0 |
|a War
|
| 700 |
1 |
|
|a Thussu, Daya Kishan.
|
| 700 |
1 |
|
|a Freedman, Des,
|
| 942 |
|
|
|2 ddc
|c BK
|
| 504 |
|
|
|a Includes bibliographical references and index.
|
| 533 |
|
|
|a Electronic reproduction.
|b Palo Alto, Calif. :
|c ebrary,
|d 2005.
|n Available via World Wide Web.
|n Access may be limited to ebrary affiliated libraries.
|
| 655 |
|
0 |
|a Electronic books.
|2 local
|
| 710 |
2 |
|
|a ebrary, Inc.
|
| 856 |
4 |
0 |
|u http://www.columbia.edu/cgi-bin/cul/resolve?clio5395320
|z Click here for full text.
|
| 900 |
|
|
|a AUTH
|
| 999 |
|
|
|c 149407
|d 149407
|
| 952 |
|
|
|0 0
|1 0
|4 0
|6 070_400000000000000_4935_THU_W
|7 0
|9 159629
|a MCJ
|b MCJ
|c ST1
|d 2011-12-17
|i 2066
|l 0
|o 070.4/4935 THU/W
|p MCJ2066
|r 2014-06-21
|w 2014-06-21
|y BK
|